000 00644nam a2200205Ii 4500
003 JO-AjNU
008 230605s9999||||xx |||||||||||||| ||und||
040 _aJO-AjNU
_bara
_erda
_cJO-AjNU
041 _aara
050 1 4 _aPS3568 1984
100 3 _aهاربرلي ,
_eauthor
_916049
245 0 0 _aلا تقتل عصفورا ساخرا روايه
264 3 1 _aسوريا :منشورات وزارة الثقافة ،1984
300 _a630ص
336 _atext
_btxt
_2rdacontent
337 _aunmediated
_bn
_2rdamedia
338 _avolume
_bnc
_2rdacarrier
490 0 _aسلسلة رواية عالمية 8
650 4 _aروايات
_916050
999 _aA4671
_c8239
_d8239